Los griegos /
Guardado en:
| Autor Principal: | |
|---|---|
| Formato: | Libro |
| Publicado: |
Argentina :
Eudeba,
1978
|
| Edición: | 10a. ed. |
| Materias: | |
| Etiquetas: |
Agregar Etiqueta
Sin Etiquetas, Sea el primero en etiquetar este registro!
|
| LEADER | 00879nam a22002535a 4500 | ||
|---|---|---|---|
| 001 | CEM.cems003594 | ||
| 005 | 19000101000000.0 | ||
| 008 | 130507s1978##################000#0#####d | ||
| 003 | CEMS | ||
| 082 | 0 | 4 | |a 938 |
| 100 | 1 | |a Kitto, H. D. F. | |
| 245 | 1 | 0 | |a Los griegos / |
| 250 | |a 10a. ed. | ||
| 260 | |a Argentina : |b Eudeba, |c 1978 | ||
| 300 | |a 357 p. | ||
| 653 | |a Historia | ||
| 653 | |a Historia antigua y medieval | ||
| 653 | |a Historia de grecia | ||
| 859 | |a CEMS |b BIB. CEMS - 11 de abril |h 938 |i K656a10 |p 7894.80 |t Ej.1 | ||
| 859 | |a CEMS |b BIB. CEMS - 11 de abril |h 938 |i K656a10 |p 7895.80 |t Ej.7 | ||
| 859 | |a CEMS |b BIB. CEMS - 11 de abril |h 938 |i K656a10 |p 7898.80 |t Ej.3 | ||
| 859 | |a CEMS |b BIB. CEMS - 11 de abril |h 938 |i K656a10 |p 7899.80 |t Ej.4 | ||
| 859 | |a CEMS |b BIB. CEMS - 11 de abril |h 938 |i K656a10 |p 7900.80 |t Ej.5 | ||
| 859 | |a CEMS |b BIB. CEMS - 11 de abril |h 938 |i K656a10 |p 7901.80 |t Ej.6 | ||
